000
00203 a2200097 4500
001
49435
100
_a
Mann
245
_a
Dark Forest
260
_a
London
_b
Jarrolds Publishers
_c
090
_c
31970
_d
31970
942
_a
NUST-CAE
_c
M
_c
24414
999
_c
284508
_d
284508